Statistics for European Countries by Area-In Order

Click here to take the quiz!

General Stats

  • This quiz has been taken 301 times
  • The average score is 32 of 45

Answer Stats

AreaCountry% Correct
17,098,246Russia
100%
603,500Ukraine
99%
543,940France
96%
357,114Germany
96%
505,992Spain
95%
450,295Sweden
94%
338,425Finland
93%
323,802Norway
93%
312,696Poland
93%
238,397Romania
89%
301,339Italy
88%
207,600Belarus
86%
242,495United Kingdom
86%
131,957Greece
83%
111,002Bulgaria
80%
0.49Vatican City
74%
2Monaco
72%
61San Marino
71%
103,000Iceland
70%
92,226Portugal
70%
468Andorra
69%
83,871Austria
69%
93,028Hungary
69%
160Liechtenstein
69%
78,871Czech Republic
67%
2,586Luxembourg
67%
10,887Kosovo
65%
316Malta
65%
77,474Serbia
64%
70,273Ireland
61%
13,812Montenegro
59%
49,037Slovakia
56%
56,594Croatia
55%
51,209Bosnia and Herzegovina
54%
64,559Latvia
54%
65,300Lithuania
54%
25,713North Macedonia
54%
20,273Slovenia
54%
28,748Albania
49%
45,227Estonia
49%
41,198Netherlands
49%
30,528Belgium
48%
41,284Switzerland
46%
43,094Denmark
44%
33,846Moldova
43%

Score Distribution

Percentile by Number Answered

Percent of People with Each Score

Your Score History

You have not taken this quiz